000 01169cam a2200265 4500
001 WB3743-29
008 011113n2001 000 0 eng u
035 _a(Sirsi) u115576
245 _aNew roles for urban planners
260 _c2001
490 _aUrban Environment Today
_v8 November 2001, 1(1)
520 _aThe Royal Town Planning Institute (RTPI) is undertaking a detailed review of training and professional accreditation for planners. The one year study aims to create new approaches and structures for the RTPI and consider incorporating urban management and regeneration activities. Other professional bodies have also addressed changing professional activity patterns; in January the RICS will set up a group of chartered surveyors specialising in urban regeneration.
590 _aWB
650 _aROYAL TOWN PLANNING INSTITUTE
650 _aRTPI
650 _aCAREERS, EDUCATION AND TRAINING
650 _aPROFESSIONAL BODIES
650 _aRICS
650 _aPLANNING
650 _aURBAN PLANNING
650 _aREGENERATION
650 _aACCREDITATION
690 _aMANAGEMENT-BUSINESS MANAGEMENT-PROFESSIONAL PRACTICE
942 _n0
999 _c68830
_d68830